Statistiques concernant Rois d'Angleterre - guerre de 100 ans

Cliquez ici pour prendre le quiz!

Statistiques générales

  • Ce quiz a été pris 30 fois
  • Le résultat moyen est 11 sur 15

Statistiques - réponses

HintRéponse% Correct
1307-1327Edouard II
89%
1327-1377Edouard III
85%
1461-1470Edouard IV
85%
1471-1483Edouard IV
85%
1413-1422Henri V
85%
1422-1461Henri VI
85%
1470-1471Henri VI
85%
1216-1272Henri III
81%
1399-1413Henri IV
81%
1377-1399Richard II
74%
1483Edouard V
70%
1483-1485Richard III
70%
1199-1216Jean sans Terre
56%
1485-1509Henri VIII
44%
1272-1307Edouard 1er
19%

Distribution des résultats

Percentile par nombre de réponses

% des personnes avec chaque résultat

Votre développement - résultats

Vous n’avez pas pris ce quiz